Umelá inteligencia pripravte sa na budúcnosť

Uložené v:
Podrobná bibliografia
Hlavný autor: Hanker, Filip
Ďalší autori: Trangel, Ján, Žofčin, Maroš
Médium: Kniha
Jazyk:Slovak
Vydavateľské údaje: [Bratislava] Ringier Slovakia Media 2025
Predmet:
Tagy: Pridať tag
Žiadne tagy, Buďte prvý, kto otaguje tento záznam!

MARC

LEADER 00000nam a2200000 4500
001 0312524
005 20251201142234.2
020 |a 978-80-69052-25-3 
041 0 |a slo 
044 |a SK 
245 1 0 |a Umelá inteligencia  |b pripravte sa na budúcnosť  |c Filip Hanker, Ján Trangel, Maroš Žofčin 
264 1 |a [Bratislava]  |b Ringier Slovakia Media  |c 2025 
300 |a 271 s. 
610 2 0 |a inteligencia umelá 
610 2 0 |a etika 
610 2 0 |a bezpečnosť kybernetická 
610 2 0 |a trh práce 
100 1 |a Hanker, Filip 
700 1 |a Trangel, Ján 
700 1 |a Žofčin, Maroš